| 000 | 01403 a2200265 4500 | ||
|---|---|---|---|
| 003 | Nust | ||
| 005 | 20170207153953.0 | ||
| 020 | _a0-471-50316-9 (international ed.) | ||
| 020 | _a0-471-62194-3 | ||
| 040 | _cNust | ||
| 082 | 0 | _a537 | |
| 082 | 0 | _a537 | |
| 082 | 0 | _a537 | |
| 100 | 1 | _aBalanis, Constantine A. | |
| 245 | 1 | 0 |
_aAdvanced engineering electromagnetics / _cConstantine A. Balanis |
| 260 |
_aNew York : _bWiley, _ccop. 1989 |
||
| 300 |
_axx, 981 s. : _bill., diagr., tab. |
||
| 505 | _aTime-Varying and Time-Harmonic Electromagnetic Fields (Page-1) Electrical Properties of Matter (Page-42) Wave Equation and its Solutions (Page-104) Wave Propagation and Polarization (Page-129) Reflection and Transmission (Page-180) Auxiliary Vector Potentials, Construction of Solutions and Radiation and Scattering Equations (Page-254) Electromagnetic Theorems and Principles (Page-310) Rectangular Cross-Section Waveguides and Cavities (Page-352) Circular Cross-Section Waveguides and Cavities (Page-470) Spherical Transmission Lines and Cavities (Page-543) Scattering (Page-570) Integral Equations and the Moment Method (Page-670) Geometrical Theory of Diffraction (Page-743) Greens Functions (Page-851) | ||
| 538 | _aAlmirah No.16 Shelf No.6 | ||
| 650 | 0 | _aElectromagnetism | |
| 650 | 0 | _aElectromagnetism | |
| 650 | 0 | _aElectromagnetism | |
| 650 | 0 | _aElektromagnetism | |
| 650 | 0 | _aElektromagnetism | |
| 942 |
_2ddc _cBK |
||
| 999 |
_c190809 _d190809 |
||